| 000 | 00510cam a2200181ua 4500 | ||
|---|---|---|---|
| 020 | _c650.00 | ||
| 041 |
_aeng _h |
||
| 082 |
_a630.202463 _bSIN/IN |
||
| 100 | _aSingh, B B . | ||
| 245 |
_aInstructional technology and multimedia production for agricultural scientists / _cB B Singh. _hTextual Documents |
||
| 260 |
_aUdaypur : _bAgro-tech publishing academy , _c2007. |
||
| 300 | _a224 ; . | ||
| 365 | _a650.00 | ||
| 504 | _a | ||
| 700 | 1 | _aAmardeep, . | |
| 942 | _cBK | ||
| 999 |
_c13374 _d13374 |
||